000 00606nam a2200205Ii 4500
003 JO-AjNU
008 230605s9999||||xx |||||||||||||| ||und||
040 _aJO-AjNU
_bara
_erda
_cJO-AjNU
041 _aara
050 1 4 _aP121.F3 1961
100 3 _aفروخ,عمر تأليف ,
_eauthor
_914988
245 0 0 _aالقومية الفصحى
250 _aط1
264 3 1 _aبيروت:دار العلم للملايين,1961
300 _a240ص
336 _atext
_btxt
_2rdacontent
337 _aunmediated
_bn
_2rdamedia
338 _avolume
_bnc
_2rdacarrier
650 4 _aالقومية الفصحى
_914989
999 _aA4128
_c7696
_d7696